صحابہ کرام کے جنگی معرکے (Record no. 553922)
[ view plain ]
| 000 -LEADER | |
|---|---|
| fixed length control field | 00438nam a22001217a 4500 |
| 082 ## - DEWEY DECIMAL CLASSIFICATION NUMBER | |
| Classification number | 297 |
| Author Mark | Waqdi |
| -- | Masjid |
| 100 ## - MAIN ENTRY--PERSONAL NAME | |
| Personal name | مؤرخ اسلام علامہ واقدی کی زبانی مترجم مولانا حکیم شبیر احمد انصاری |
| 9 (RLIN) | 51161 |
| 245 ## - TITLE STATEMENT | |
| Title | صحابہ کرام کے جنگی معرکے |
| 260 ## - PUBLICATION, DISTRIBUTION, ETC. | |
| Place of publication, distribution, etc. | Lahore |
| Name of publisher, distributor, etc. | Muktaba Khalil |
| Date of publication, distribution, etc. | 2010 |
| 300 ## - PHYSICAL DESCRIPTION | |
| Extent | 515 |
| 526 ## - STUDY PROGRAM INFORMATION NOTE | |
| Program name | 0 |
| Interest level | 0 |
| Reading level | 0 |
| Title point value | 297_000000000000000_WAQDI |
| 942 ## - ADDED ENTRY ELEMENTS (KOHA) | |
| Source of classification or shelving scheme | |
| Koha item type | Book |
| Withdrawn status | Lost status | Source of classification or shelving scheme | Damaged status | Not for loan | Permanent Location | Current Location | Date acquired | Total Checkouts | Full call number | Barcode | Date last seen | Date last checked out | Copy number | Price effective from | Koha item type |
|---|---|---|---|---|---|---|---|---|---|---|---|---|---|---|---|
| Military College of Engineering (MCE) | Military College of Engineering (MCE) | 07/18/2017 | 1 | 297 Waqdi | MCE-219M | 05/08/2019 | 04/12/2019 | 1 | 07/18/2017 | Book |
